000 00578nam a22001937a 4500
003 OSt
005 20160509154531.0
008 160509b xxu||||| |||| 00| 0 eng d
020 _a0821411322
040 _cDDC.
082 _a338.9KJE 1997.
100 _aKjekshus,Helge;
_98577
245 _aEcology Control and Economic Development in East African History.
_bNew Introduction & additional Bibliography.
260 _aLondon.
_bEast African studies.
_c1997.
300 _axxxi,222p;
_bill;
_c22cm.
504 _aincludes index.
650 _aEcology.
_9544
942 _2ddc
_cSLOAN
999 _c3912
_d3912